| 000 | 00422nam a22001697a 4500 | ||
|---|---|---|---|
| 005 | 20170908165255.0 | ||
| 008 | 170530b xxu||||| |||| 00| 0 eng d | ||
| 020 | _a978-0-07-462043-4 | ||
| 041 | _aeng | ||
| 082 | _a631.417 | ||
| 100 |
_aBISWAS, T D AND MUKHERJEE, S.K _93862 |
||
| 245 | _aTEXT BOOK OF SOIL SCIENCE | ||
| 250 | _a2ND | ||
| 260 |
_aCHENNAI _bMC GRAW HILL EDUCATION _c1994 |
||
| 300 | _a433 | ||
| 942 | _cBK | ||
| 999 |
_c5458 _d5456 |
||